Super Smash Bros. characters by emojis - Statistics

General Stats
  • This quiz has been taken 26 times
  • The average score is 33 of 86
Answer Stats
Hint Answer % Correct
๐Ÿง˜โ˜€๏ธ๐Ÿ Wii Fit Trainer
69%
๐Ÿง™โ€โ™€๏ธ๐Ÿ‘“๐Ÿฆ‹๐Ÿ”ซ Bayonetta
62%
๐Ÿ‘‘๐ŸŒปโ˜‚๐Ÿ„๐Ÿฅ• Daisy
62%
๐Ÿ’๐Ÿฅœ๐ŸŒ Diddy Kong
62%
๐Ÿฆ๐Ÿ‘”๐ŸŒ Donkey Kong
62%
๐ŸŸข๐Ÿฅธ๐Ÿ„๐Ÿ‘ป Luigi
62%
๐Ÿ”ด๐Ÿฅธ๐Ÿ„๐Ÿ”ฅ Mario
62%
๐Ÿฒ๐Ÿข๐Ÿ”ฅ Bowser
54%
๐Ÿถ๐Ÿฆ†๐Ÿค ๐Ÿ”ซ Duck Hunt
54%
๐Ÿฆ๐Ÿช๐Ÿš€ Falco
54%
๐ŸฆŠ๐Ÿช๐Ÿš€ Fox
54%
๐Ÿ”โ„๏ธ๐Ÿ‘ฆ๐Ÿ‘ง Ice Climbers
54%
๐Ÿƒ๐ŸŽฉ๐ŸŽญ Joker
54%
๐Ÿ‘‘๐ŸŠ๐Ÿดโ€โ˜ ๏ธ King K. Rool
54%
๐ŸฅŠ๐Ÿ‘Š๐Ÿ’ช Little Mac
54%
๐Ÿ‘‘๐Ÿ‘โ˜‚๐Ÿ„๐Ÿฅ• Peach
54%
๐Ÿฅ‹๐Ÿ‘Š๐Ÿ”ฅ Ryu
54%
๐Ÿบ๐Ÿช๐Ÿš€ Wolf
54%
๐Ÿป๐Ÿฆ๐Ÿฅš Banjo & Kazooie
46%
๐Ÿฒ๐Ÿข๐Ÿš—๐Ÿ–Œ Bowser Jr.
46%
๐Ÿ˜‡๐Ÿชถ๐Ÿนโšซ Dark Pit
46%
โšช๐Ÿฅธ๐Ÿ„๐Ÿ’Š Dr. Mario
46%
๐Ÿ™๐Ÿ–Œ๐ŸŽจ๐Ÿ”ซ Inkling
46%
๐Ÿ‘‘โญ๐Ÿง King Dedede
46%
๐Ÿ—ก๏ธ๐Ÿน๐Ÿชƒ Link
46%
๐Ÿ‘จ๐Ÿป๐Ÿ‘จ๐Ÿผ๐Ÿ‘จ๐Ÿฝ๐Ÿ‘ฉ๐Ÿผ๐Ÿ‘ฉ๐Ÿฟ๐Ÿ‘Š Mii Brawler
46%
๐Ÿ‘จ๐Ÿป๐Ÿ‘จ๐Ÿผ๐Ÿ‘จ๐Ÿฝ๐Ÿ‘ฉ๐Ÿผ๐Ÿ‘ฉ๐Ÿฟ๐Ÿ”ซ Mii Gunner
46%
โšพ๐Ÿช€๐Ÿ”ฅโšก Ness
46%
๐ŸŠ๐Ÿ’๐Ÿˆ๐Ÿ‘ป๐Ÿ‘ป๐Ÿ‘ป๐Ÿ‘ป Pacman
46%
๐Ÿค–๐ŸŽฎ๐Ÿ•น๏ธ R.O.B.
46%
๐Ÿ๐Ÿ“ฆ๐Ÿ’ฃ Snake
46%
๐Ÿ”ต๐Ÿฆ”๐Ÿ‘Ÿ Sonic
46%
๐ŸŸซ๐Ÿ”นโ› Steve
46%
๐Ÿ—ก๏ธ๐Ÿน๐Ÿชƒโ›ต Toon Link
46%
๐Ÿฅธ๐Ÿง„๐Ÿ๐Ÿ’ฐ Wario
46%
๐Ÿฆ–๐Ÿฅš๐Ÿ‘… Yoshi
46%
๐Ÿง‘โ€๐Ÿš€๐Ÿšซ๐Ÿช๐Ÿ‘ฝ Zero Suit Samus
46%
๐Ÿš€๐Ÿ๐Ÿ”ฅ๐Ÿ‘Š Captain Falcon
38%
๐Ÿธ๐Ÿฅท๐Ÿ’ง Greninja
38%
๐Ÿฅ‹๐Ÿ‘Š๐Ÿฆต Ken
38%
๐Ÿ‘จ๐Ÿป๐Ÿ‘จ๐Ÿผ๐Ÿ‘จ๐Ÿฝ๐Ÿ‘ฉ๐Ÿผ๐Ÿ‘ฉ๐Ÿฟ๐Ÿ—ก๏ธ Mii Swordfighter
38%
๐Ÿš€๐Ÿง‘โ€๐Ÿš€๐ŸŒฑ Olimar
38%
๐Ÿ๐ŸŒฉโœจโšก Pichu
38%
๐Ÿญ๐ŸŒฉโœจโšก Pikachu
38%
๐Ÿ˜‡๐Ÿชถ๐Ÿน Pit
38%
๐Ÿง‘๐Ÿปโ€๐ŸฆฑโŒ๐Ÿง› Richter
38%
๐Ÿ‘‘๐Ÿชโญ Rosalina
38%
๐Ÿ‘ฑ๐Ÿปโ€โ™‚๏ธโŒ๐Ÿง› Simon
38%
๐Ÿ ๐ŸŒณ๐ŸŽˆ Villager
38%
๐Ÿ—ก๏ธ๐Ÿน๐Ÿชƒ๐Ÿงš Young Link
38%
โ˜๏ธ๐Ÿ—ก๏ธ๐Ÿช– Cloud
31%
๐Ÿ‘‘๐Ÿœ๐Ÿ— Ganondorf
31%
๐Ÿฏ๐Ÿ”ฅ๐Ÿคผโ€โ™‚๏ธ Incineroar
31%
โญ๐Ÿฐ๐Ÿ‘„ Kirby
31%
๐Ÿ—ก๏ธ๐Ÿฆ‡๐ŸŽญ Meta Knight
31%
๐ŸŽฎ๐ŸŽฐ๐Ÿ””๐Ÿณ๐Ÿ™ Mr. Game & Watch
31%
๐Ÿ˜‡๐Ÿช„โ˜๏ธ Palutena
31%
๐Ÿชด๐Ÿƒ๐ŸŒน Piranha Plant
31%
๐Ÿ‘ฆ๐Ÿข๐Ÿ’ง๐Ÿธ๐Ÿƒ๐Ÿฒ๐Ÿ”ฅ Pokรฉmon Trainer
31%
๐Ÿ‘ฝ๐Ÿช๐Ÿฒ Ridley
31%
๐Ÿง™๐Ÿ—ก๏ธ๐Ÿ“•๐Ÿ“—๐Ÿ“™ Robin
31%
๐Ÿคบ๐Ÿ—ก๐Ÿ”ฅ Roy
31%
๐Ÿง‘โ€๐Ÿš€๐Ÿช๐Ÿ‘ฝ Samus
31%
๐Ÿ”ฎ๐Ÿ—ก๏ธ๐Ÿฉณ Shulk
31%
๐Ÿ‘‘๐ŸŒช๏ธ๐Ÿ”ฅ๐Ÿ”น Zelda
31%
๐Ÿ—ก๏ธ๐Ÿ ๐Ÿ ๐Ÿ  Byleth
23%
๐Ÿง‘โ€๐Ÿš€๐Ÿช๐Ÿ‘ฝ๐Ÿ™ Dark Samus
23%
๐Ÿ‘ฆ๐Ÿ‘ฆ๐Ÿ‘ฆ๐Ÿ‘ฆ๐Ÿ—ก๏ธ๐Ÿ›ก๏ธ Hero
23%
๐Ÿ—ก๏ธ๐ŸŒ‹๐Ÿ’ช Ike
23%
๐Ÿถ๐Ÿซ๐ŸŽฃ Isabelle
23%
๐ŸŽˆ๐ŸŽต๐Ÿ˜ด Jigglypuff
23%
๐Ÿฅ‹๐Ÿ‘Š๐Ÿ˜ˆ Kazuya
23%
โ„๏ธ๐Ÿ”ฅโšก Lucas
23%
๐Ÿคบ๐Ÿ—ก๏ธ๐Ÿ‘‘ Marth
23%
๐Ÿงช๐Ÿงฌ๐Ÿˆ Mewtwo
23%
๐Ÿ‘ฏ๐Ÿ—ก๏ธ๐Ÿ”ฅโœจ Pyra/Mythra
23%
๐Ÿ—ก๏ธ๐Ÿ—๏ธโค๏ธ Sora
23%
๐Ÿงข๐Ÿ‘Š๐Ÿฆต Terry
23%
๐Ÿคบ๐Ÿ—ก๏ธ๐Ÿ’ช Chrom
15%
๐Ÿคบ๐Ÿ—ก๏ธ๐ŸŽญ Lucina
15%
๐Ÿ’ช๐Ÿฒ๐Ÿฅฃ Min Min
15%
๐Ÿฅท๐ŸŽผ๐ŸŽญ Sheik
15%
๐Ÿ—ก๏ธ๐Ÿฒ๐Ÿ’ง Corrin
8%
๐Ÿบ๐Ÿฅ‹๐Ÿ”ต Lucario
8%
๐Ÿค–๐Ÿ”ซ๐Ÿ• Mega Man
8%
๐Ÿ—ก๏ธ๐Ÿ˜‡๐Ÿชถ๐Ÿช Sephiroth
8%
No matching quizzes found
Score Distribution
Percent of People with Each Score
Percentile by Number Answered
Your Score History
You have not taken this quiz